ARRUPE JESUIT UNIVERSITY

CORONAVIRUS -STOP THE SPREAD - CLEAN,DISINFECT,COVER

The story of Rhodesia, told in a series of historical pictures, exhibited at the Empire Exhibition, Johannesburg, 1936-1937; (Record no. 124145)

MARC details
000 -LEADER
fixed length control field 00702nam a22002057 4500
001 - CONTROL NUMBER
control field 7241262
003 - CONTROL NUMBER IDENTIFIER
control field ARRUPE
005 - DATE AND TIME OF LATEST TRANSACTION
control field 20160212101632.0
008 - FIXED-LENGTH DATA ELEMENTS--GENERAL INFORMATION
fixed length control field 910129s1936 xx 000 0 eng
010 ## - LIBRARY OF CONGRESS CONTROL NUMBER
LC control number ltf90027474
040 ## - CATALOGING SOURCE
Original cataloging agency DLC
Transcribing agency DLC
Modifying agency DLC
050 00 - LIBRARY OF CONGRESS CALL NUMBER
Classification number SPC DT948.S887
300 ## - PHYSICAL DESCRIPTION
Dimensions 25cm.
100 ## - MAIN ENTRY--PERSONAL NAME
Personal name British South Africa Company
9 (RLIN) 5838
245 04 - TITLE STATEMENT
Title The story of Rhodesia, told in a series of historical pictures, exhibited at the Empire Exhibition, Johannesburg, 1936-1937;
Remainder of title descriptive souvenir and catalogue.
Statement of responsibility, etc / British South Africa company
260 ## - PUBLICATION, DISTRIBUTION, ETC. (IMPRINT)
Date of publication, distribution, etc 1938
300 ## - PHYSICAL DESCRIPTION
Extent 72 p.
650 ## - SUBJECT ADDED ENTRY--TOPICAL TERM
Topical term or geographic name as entry element History
Geographic subdivision Rhodesia
9 (RLIN) 22216
906 ## - LOCAL DATA ELEMENT F, LDF (RLIN)
a 0
b cbc
c premunv
d u
e ncip
f 19
g y-gencatlg
942 ## - ADDED ENTRY ELEMENTS (KOHA)
Source of classification or shelving scheme Library of Congress Classification
Koha item type SPC
Holdings
Withdrawn status Lost status Source of classification or shelving scheme Damaged status Not for loan Collection code Home library Current library Shelving location Date acquired Total Checkouts Full call number Barcode Date last seen Price effective from Koha item type
    Library of Congress Classification     SPECIAL Collection ARRUPE LIBRARY ARRUPE LIBRARY Reference 10/02/2016   SPC DT948.S887 46500006214 10/02/2016 10/02/2016 SPC

 

Arrupe Library. PO Box MP320 Mt Pleasant, Harare, Zimbabwe
263 242 745411|librarian@aju.ac.zw